[Event "6th HZ Open"]
[Site "Vlissingen NED"]
[Date "2002.08.11"]
[Round "9"]
[White "Roeder,M"]
[Black "Tolhuizen,L"]
[Result "1-0"]
[WhiteElo "2485"]
[BlackElo "2209"]

1.d4 Nf6 2.c4 e6 3.Nf3 Bb4+ 4.Bd2 Qe7 5.g3 Nc6 6.Nc3 Bxc3 7.Bxc3 Ne4 8.Qc2 d5
9.Bg2 O-O 10.O-O Nxc3 11.Qxc3 Nb8 12.Ne5 c6 13.e4 dxe4 14.Bxe4 Nd7 15.c5 Nf6
16.Bg2 Bd7 17.b4 Nd5 18.Qd2 Rfd8 19.Nc4 Be8 20.Nd6 Rxd6 21.cxd6 Qxd6 22.Rab1 Rd8
23.Rb3 a6 24.Re1 h6 25.a3 Nf6 26.Rbe3 Nd5 27.f4 Nf6 28.Bf3 Nd5 29.Qc1 Nf6
30.Qc5 Qc7 31.Kg2 Rd6 32.Rd1 Nd7 33.Qc2 Nf6 34.d5 exd5 35.Rxd5 Rxd5 36.Bxd5 Qd8
37.Bf3 Bd7 38.Rd3 Qc8 39.Kg1 Bg4 40.Bxg4 Nxg4 41.Rd4 Qe8 42.Qe4  1-0

[Event "6th HG Open"]
[Site "Vlissingen NED"]
[Date "2002.08.11"]
[Round "9"]
[White "Roeder,M"]
[Black "Tolhuizen,L"]
[Result "1-0"]
[WhiteElo "2485"]
[BlackElo "2209"]

1.d4 Nf6 2.c4 e6 3.Nf3 Bb4+ 4.Bd2 Qe7 5.g3 Nc6 6.Nc3 Bxc3 7.Bxc3 Ne4 8.Qc2 d5
9.Bg2 O-O 10.O-O Nxc3 11.Qxc3 Nb8 12.Ne5 c6 13.e4 dxe4 14.Bxe4 Nd7 15.c5 Nf6
16.Bg2 Bd7 17.b4 Nd5 18.Qd2 Rfd8 19.Nc4 Be8 20.Nd6 Rxd6 21.cxd6 Qxd6 22.Rab1 Rd8
23.Rb3 a6 24.Re1 h6 25.a3 Nf6 26.Rd3 Nd5 27.f4 Nf6 28.Bf3 Nd5 29.Qc1 Nf6
30.Qc5 Qc7 31.Kg2 Rd6 32.Rdd1 Nd7 33.Qc2 Nf6 34.d5 exd5 35.Rxd5 Rxd5 36.Bxd5 Qd8
37.Bf3 Bd7 38.Rd1 Qc8 39.Kg1 Bg4 40.Bxg4 Nxg4 41.Rd4 Qe8 42.Qe4  1-0

[Event "ch-EST w"]
[Site "Kilingi-Nomme EST"]
[Date "2002.08.12"]
[Round "4"]
[White "Piarnpuu,L"]
[Black "Narva,R"]
[Result "1-0"]
[WhiteElo "2230"]
[BlackElo "2056"]

1.Nf3 Nf6 2.c4 e6 3.d4 Bb4+ 4.Bd2 Qe7 5.g3 O-O 6.Bg2 Nc6 7.Nc3 Bxc3 8.Bxc3 Ne4
9.Rc1 f5 10.O-O Nxc3 11.Rxc3 Nd8 12.Qd2 d6 13.b4 Nf7 14.c5 d5 15.b5 c6 16.Rb1 Bd7
17.bxc6 Bxc6 18.h4 Qc7 19.Qf4 Qa5 20.Rc2 Rfc8 21.Qe3 Re8 22.Bh3 g6 23.Ne5 Nxe5
24.Qxe5 Qd8 25.f4 Kf7 26.Rcb2 h5 27.Qe3 Qc7 28.Qd2 Re7 29.e3 Kf6 30.Bf1 Kf7
31.Rb3 Ba4 32.Ra3 Bc6 33.Qb4 Qd7 34.Ra5 Qc7 35.Qa3 a6 36.Rb6 Qd7 37.Qc3 Ra7
38.Bd3 Qc7 39.Ra3 Kf6 40.Kf2 Kf7 41.Bc2 Qd7 42.Qb4 Re8 43.Ba4 Rc8 44.Bxc6 Rxc6
45.Rb3 Rc7 46.Rd6 Qe7 47.Qb6 Ra8 48.Rxe6 Qxe6 49.Qxc7+ Qe7 50.Qxe7+ Kxe7
51.Rxb7+ Ke6 52.Rb6+ Kf7 53.Ke2 a5 54.a4 Ra7 55.Kd3 Re7 56.Rb5 Ra7 57.Rb6 Re7
58.Rd6 Rb7 59.Rxd5 Rb3+ 60.Kd2  1-0

[Event "11th Open"]
[Site "Kavala GRE"]
[Date "2002.08.13"]
[Round "5"]
[White "Halkias,S"]
[Black "Galianina Ryjanova,J"]
[Result "1-0"]
[WhiteElo "2550"]
[BlackElo "2362"]

1.d4 Nf6 2.c4 e6 3.Nf3 Bb4+ 4.Bd2 Qe7 5.g3 Nc6 6.Nc3 Bxc3 7.Bxc3 Ne4 8.Rc1 O-O
9.Bg2 d6 10.d5 Nd8 11.Bb4 a5 12.Ba3 e5 13.Nd2 Nc5 14.Nb3 f5 15.O-O Nf7 16.Qd2 Ne4
17.Qe3 a4 18.Nd2 Nc5 19.Ra1 Bd7 20.b4 axb3 21.axb3 Nh6 22.Qc3 Nf7 23.Bb2 Ng5
24.h4 Nge4 25.Nxe4 Nxe4 26.Qe3 Nf6 27.Rxa8 Rxa8 28.c5 Ng4 29.Qc3 dxc5 30.b4 cxb4
31.Qxc7 Rc8 32.Qxb7 Rc2 33.Bc1 h6 34.Qb6 Qf8 35.d6 Qc8 36.Bb7 Qe8 37.Qxb4 Kh8
38.Ba6 Qa8 39.Bd3 Ra2 40.Bb2 Qa7 41.Qb3 Ra5 42.Qf7 Nf6 43.Bc1 Kh7 44.h5 e4
45.Be3 Qb7 46.Bxh6 Bc8 47.Qg6+ Kh8 48.Bc4 Ra7 49.Bg5 Qb2 50.h6 Ng8 51.Qe8  1-0

[Event "ch-EST w"]
[Site "Kilingi-Nomme EST"]
[Date "2002.08.13"]
[Round "6"]
[White "Piarnpuu,L"]
[Black "Bashkite,V"]
[Result "1/2-1/2"]
[WhiteElo "2230"]
[BlackElo "2138"]

1.Nf3 Nf6 2.c4 e6 3.d4 Bb4+ 4.Bd2 Qe7 5.Nc3 b6 6.e3 Bb7 7.Bd3 Bxc3 8.Bxc3 Ne4
9.Rc1 f5 10.O-O d6 11.Ne1 O-O 12.f3 Nxc3 13.Rxc3 Nd7 14.f4 Nf6 15.Nf3 c5
16.Qe2 Rad8 17.Rcc1 h6 18.Nh4 Qf7 19.d5 exd5 20.Bxf5 dxc4 21.Bg6 Qe6 22.Bf5 Qf7
23.Bg6  1/2-1/2

[Event "ADCF Masters"]
[Site "Abu Dhabi UAE"]
[Date "2002.08.14"]
[Round "3"]
[White "Magerramov,E"]
[Black "Guliev,L"]
[Result "1-0"]
[WhiteElo "2551"]
[BlackElo "2390"]

1.d4 Nf6 2.c4 e6 3.Nf3 Bb4+ 4.Bd2 c5 5.Bxb4 cxb4 6.g3 O-O 7.Bg2 d6 8.Nbd2 Nc6
9.Nf1 e5 10.Ne3 Re8 11.O-O a5 12.Rc1 Ng4 13.Nd5 Nf6 14.dxe5 dxe5 15.Qd2 e4
16.Ng5 Bf5 17.Rcd1 h6 18.Qf4 Re5 19.Nh3 Nxd5 20.Qc1 Nce7 21.cxd5 Rxd5 22.Nf4 Rxd1
23.Rxd1 Qe8 24.Qd2 Qb5 25.h3 Nc6 26.Qd5 Qxd5 27.Rxd5 Bh7 28.Rd7 Rb8 29.g4 a4
30.Nd5 a3 31.bxa3 bxa3 32.Nc3 b5 33.Rd6 Na7 34.Ra6 Nc8 35.Rxa3 Nd6 36.Ra6 Rd8
37.Rb6 Kf8 38.e3 h5 39.Bf1 hxg4 40.hxg4 f5 41.Nxb5 Nf7 42.Nd4 Ra8 43.gxf5 Ne5
44.Bg2 Nc4 45.Rb7 Nd6 46.Ne6+ Kg8 47.Rxg7+ Kh8 48.Rd7 Nxf5 49.Rxh7+ Kxh7
50.Bxe4  1-0

[Event "Open"]
[Site "Birstonas LIT"]
[Date "2002.08.17"]
[Round "1"]
[White "Ivoskaite,D"]
[Black "Romanov,O"]
[Result "0-1"]
[WhiteElo "2008"]
[BlackElo "2404"]

1.d4 Nf6 2.c4 e6 3.Nf3 Bb4+ 4.Bd2 a5 5.a3 Be7 6.Nc3 d5 7.Bf4 O-O 8.h3 b6
9.e3 Ba6 10.Qb3 c6 11.Be2 Nbd7 12.O-O a4 13.Qa2 Ne4 14.Rac1 Nxc3 15.Rxc3 dxc4
16.Bxc4 b5 17.Bd3 b4 18.Bxa6 bxc3 19.Bb7 Ra5 20.Bxc6 Nb6 21.bxc3 Qc8 22.Be4 Qxc3
23.Qb1 Nd5 24.Bxh7+ Kh8 25.Bg5 Qxa3 26.h4 Qb3 27.Qe1 Bb4 28.Qb1 Qxb1 29.Bxb1 a3  0-1

[Event "ADCF Masters"]
[Site "Abu Dhabi UAE"]
[Date "2002.08.18"]
[Round "7"]
[White "Al Khaja,A"]
[Black "Mulla Jumma,T"]
[Result "1-0"]
[WhiteElo "2078"]
[BlackElo "2053"]

1.d4 Nf6 2.c4 e6 3.Nf3 Bb4+ 4.Bd2 Bxd2+ 5.Qxd2 O-O 6.Nc3 d5 7.g3 Nbd7 8.Bg2 c6
9.O-O dxc4 10.a4 Qc7 11.e3 Rd8 12.Qe2 e5 13.Qxc4 Nb6 14.Qc5 exd4 15.Nxd4 Nbd5
16.Rac1 Nxc3 17.Rxc3 Qb6 18.Qa3 Nd5 19.a5 Qc7 20.Rc5 Bg4 21.Rfc1 Qd7 22.Bxd5 cxd5
23.Rc7 Rac8 24.Qc5 Rxc7 25.Qxc7 Rc8 26.Qxc8+ Qxc8 27.Rxc8+ Bxc8 28.Kf1 Kf8
29.Nb5 Ke7 30.Ke1 a6 31.Nc3 Kd6 32.b4 Kc6 33.Kd2 Be6 34.Kd3 b6 35.Kd4 bxa5
36.bxa5 Kd6 37.f3 h5 38.f4 g6 39.Na4 Kc6 40.Nc5 Kb5 41.Nxe6 fxe6 42.Ke5 Kxa5
43.Kxe6 Kb4 44.Kf6 a5 45.Kxg6 a4 46.f5 a3 47.f6 a2 48.f7 a1=Q 49.f8=Q+ Kc4
50.Qf4+ Kd3 51.Kxh5 Qh8+ 52.Kg4 Qc8+ 53.Kf3  1-0

[Event "13th Summer Open"]
[Site "Recklinghausen GER"]
[Date "2002.08.21"]
[Round "5"]
[White "Halasz,T"]
[Black "Wilde,P"]
[Result "1-0"]
[WhiteElo "2386"]
[BlackElo "2275"]

1.d4 Nf6 2.Nf3 e6 3.c4 Bb4+ 4.Bd2 Qe7 5.g3 Nc6 6.Bg2 Bxd2+ 7.Nbxd2 d6 8.e4 e5
9.d5 Nb8 10.b4 a5 11.a3 O-O 12.O-O axb4 13.axb4 Rxa1 14.Qxa1 Na6 15.Qc3 c5
16.dxc6 bxc6 17.Rc1 Bg4 18.c5 Bxf3 19.Bxf3 dxc5 20.bxc5 Nd7 21.Nb3 Rb8 22.Be2 Nc7
23.Na5 Qe6 24.Qd2 Nf6 25.Qd6 Qxd6 26.cxd6 Nce8 27.Rxc6 Rd8 28.Nb7 Rd7 29.Rb6 Nxe4
30.Bb5 Rxb7 31.Rxb7 N4xd6 32.Re7 Kf8 33.Rxe5 f6 34.Rc5 Nxb5 35.Rxb5 Kf7 36.Rb7+ Kg6
37.Rd7 f5 38.f3 Nf6 39.Ra7 Ng8 40.Kf2 Nf6 41.Ke3  1-0

[Event "Saraybahce GP"]
[Site "Kocaeli TUR"]
[Date "2002.08.25"]
[Round "9"]
[White "Pantsulaia,L"]
[Black "Moiseenko,A"]
[Result "1/2-1/2"]
[WhiteElo "2436"]
[BlackElo "2578"]

1.d4 e6 2.Nf3 Nf6 3.c4 Bb4+ 4.Bd2 c5 5.Bxb4 cxb4 6.g3 O-O 7.Bg2 d6 8.O-O Nc6
9.Nbd2 e5 10.d5 Nb8 11.a3 Na6 12.Ne1 Qb6 13.Nd3 Bf5 14.e4 Bg4 15.Bf3 Qd4
16.Qe2 Bxf3 17.Qxf3 Rfc8 18.Rfd1 Nc5 19.Nxc5 Qxc5 20.axb4 Qxb4 21.Qa3 Qb6
22.b4 a6 23.Rdc1 Nd7 24.Nb3 Nf6 25.c5 Qb5 26.Nd2 Qe2 27.Qe3 Kf8 28.c6 Rd8
29.Rc4 Rab8 30.Rxa6 Ke7 31.cxb7 Rxb7 32.Rcc6 h5 33.h3 Qg4 34.hxg4 g6 35.g5 Kd7
36.Rc5 Nxd5 37.exd5 Ke7 38.Ra7 Ra8 39.Rxa8  1/2-1/2

[Event "VI BCX"]
[Site "Brasilia BRA"]
[Date "2002.08.29"]
[Round "6"]
[White "Valle,A"]
[Black "Kubrusly,J"]
[Result "1/2-1/2"]
[WhiteElo "2231"]
[BlackElo "2255"]

1.d4 Nf6 2.Nf3 e6 3.c4 Bb4+ 4.Bd2 Be7 5.Nc3 d5 6.Bg5 h6 7.Bxf6 Bxf6 8.e3 O-O
9.Qc2 c5 10.dxc5 Qa5 11.cxd5 exd5 12.Nd4 Qxc5 13.Nb3 Qb4 14.a3 Bxc3+ 15.Qxc3 Qxc3+
16.bxc3 Be6 17.Nd4 Rc8 18.Kd2 Nd7 19.Bb5 Nc5 20.f3 Rc7 21.a4 Bd7 22.Rhc1  1/2-1/2

[Event "IM"]
[Site "Kostrena CRO"]
[Date "2002.08.31"]
[Round "2"]
[White "Jovanic,O"]
[Black "Mandekic,I"]
[Result "1-0"]
[WhiteElo "2420"]
[BlackElo "2258"]

1.d4 Nf6 2.c4 e6 3.Nf3 Bb4+ 4.Bd2 c5 5.Bxb4 cxb4 6.g3 O-O 7.Bg2 d6 8.O-O a5
9.a3 Na6 10.Ne1 Rb8 11.Nd3 b5 12.Nd2 Bb7 13.Bxb7 Rxb7 14.axb4 Nxb4 15.Nxb4 axb4
16.Qb3 Qb6 17.e3 h5 18.Qxb4 h4 19.Rfc1 Rfb8 20.c5 dxc5 21.Qxc5 Qd8 22.Nf3 hxg3
23.hxg3 b4 24.Ne5 Qe8 25.Kg2 b3 26.Qc6 Qd8 27.Rc5 Nd5 28.Qa6 Nb4 29.Qe2 Rc7
30.Rac1 Rxc5 31.Rxc5 Ra8 32.Qc4 Nd5 33.Qxb3 Qf6 34.Qc2 g6 35.e4 Ne7 36.Rc7 Rd8
37.Qc5 Re8 38.Ng4  1-0

[Event "LAT-EST Match"]
[Site "Riga LAT"]
[Date "2002.08.31"]
[Round "?"]
[White "Starostits,A"]
[Black "Peleshev,L"]
[Result "1-0"]
[WhiteElo "2206"]
[BlackElo "2300"]

1.d4 Nf6 2.c4 e6 3.Nf3 Bb4+ 4.Bd2 Qe7 5.g3 Nc6 6.Bg2 Bxd2+ 7.Nbxd2 a5 8.O-O d6
9.e4 e5 10.d5 Nb8 11.c5 O-O 12.cxd6 cxd6 13.Re1 Nbd7 14.Qc2 Nc5 15.Rac1 b5
16.Bf1 Bd7 17.Nb3 Rfc8 18.Nxc5 Rxc5 19.Qd2 Rxc1 20.Qxc1 Qd8 21.Qe3 Ng4 22.Qd2 Nf6
23.Bd3 Rc8 24.Rc1 h6 25.Kg2 Rxc1 26.Qxc1 Qb6 27.Qc2 Ne8 28.Nd2 Qc5 29.Nb3 Qb4
30.a3 Qa4 31.Qc3 b4 32.axb4 axb4 33.Qc2 Qa7 34.Nd2 Qd4 35.Nf3 Qb6 36.Nd2 Qd4
37.Nc4 g6 38.Ne3 Kg7 39.b3 h5 40.Qc4 Qxc4 41.Bxc4 f5 42.Nc2 fxe4 43.Nxb4 Bg4
44.Nc2 Bf3+ 45.Kf1 Nf6  1-0

[Event "IM"]
[Site "Kostrena CRO"]
[Date "2002.09.01"]
[Round "3"]
[White "Loncar,R"]
[Black "Corovic,S"]
[Result "1-0"]
[WhiteElo "2430"]
[BlackElo "2106"]

1.d4 e6 2.Nf3 Nf6 3.c4 Bb4+ 4.Bd2 Qe7 5.g3 O-O 6.Bg2 Bxd2+ 7.Nbxd2 d6 8.O-O e5
9.e4 Bg4 10.Qb3 c5 11.d5 Bxf3 12.Bxf3 b6 13.Qe3 Nbd7 14.a3 Ne8 15.Bd1 g6
16.Ba4 Rd8 17.Rae1 Nc7 18.Bxd7 Qxd7 19.f4 f6 20.Rf3 Rf7 21.Ref1 Rdf8 22.Kg2 Kg7
23.f5 g5 24.g4 Rh8 25.h4 h6 26.Rh1 Rff8 27.Rfh3 Rfg8 28.b3 Qe8 29.Nf1 Qf8
30.Ng3 Kf7 31.Kf3 Ne8 32.Qd2 Kg7 33.Qh2 Nc7 34.hxg5 hxg5 35.Rh7+  1-0

[Event "FSIMC Sept"]
[Site "Budapest HUN"]
[Date "2002.09.07"]
[Round "1"]
[White "Galyas,M"]
[Black "Berczes,D"]
[Result "1/2-1/2"]
[WhiteElo "2407"]
[BlackElo "2205"]

1.d4 Nf6 2.c4 e6 3.Nf3 Bb4+ 4.Bd2 c5 5.Bxb4 cxb4 6.g3 b6 7.Bg2 Bb7 8.O-O O-O
9.a3 bxa3 10.Rxa3 Qe7 11.Nbd2 d6 12.Qb1 Nc6 13.e4 a5 14.Re1 e5 15.d5 Nb4
16.Nh4 g6 17.Qd1 Nd7 18.Bf1 Nc5 19.Ng2 f5 20.exf5 gxf5 21.Nh4 Qf6 22.Rf3 Qg5
23.Nb3 Bc8 24.Nxc5  1/2-1/2

[Event "TCh-CRO"]
[Site "Medulin CRO"]
[Date "2002.09.10"]
[Round "2"]
[White "Pinter,J"]
[Black "Hulak,K"]
[Result "1-0"]
[WhiteElo "2562"]
[BlackElo "2570"]

1.d4 Nf6 2.c4 e6 3.Nf3 Bb4+ 4.Bd2 c5 5.Bxb4 cxb4 6.g3 O-O 7.Bg2 d6 8.O-O Nc6
9.a3 Re8 10.axb4 Nxb4 11.Nc3 Bd7 12.Qd2 a5 13.e4 e5 14.Rfd1 Qc8 15.Rac1 Bg4
16.b3 Nc6 17.dxe5 dxe5 18.Qe3 Bxf3 19.Bxf3 Nd4 20.Nb5 Nxf3+ 21.Qxf3 Qc5 22.g4 h6
23.Nd6 Re6 24.Nf5 Nxg4 25.Rd7 Nf6 26.Rxb7 Rae8 27.Re1 a4 28.bxa4 Qxc4 29.Kh1 Qc6
30.Rb4 Kh7 31.a5 Qc5 32.Rb7 Rf8 33.Rg1 Ne8 34.Nxg7 Nxg7 35.Rxf7 Rg8 36.Qg4 Re7
37.Qg6+  1-0

[Event "FSIMA Sept"]
[Site "Budapest HUN"]
[Date "2002.09.11"]
[Round "5"]
[White "Banusz,T"]
[Black "Eperjesi,L"]
[Result "1/2-1/2"]
[WhiteElo "2249"]
[BlackElo "2289"]

1.d4 Nf6 2.c4 e6 3.Nf3 Bb4+ 4.Bd2 a5 5.g3 b6 6.Bg2 Ba6 7.Bxb4 axb4 8.Ne5 Ra7
9.a3 Qe7 10.O-O O-O 11.axb4 Qxb4 12.Qd2 Qxd2 13.Nxd2 c5 14.dxc5 bxc5 15.Ra5 Rc7
16.Rfa1 d6 17.Nc6 Nxc6 18.Rxa6 d5 19.cxd5 exd5 20.Rc1 Nd4 21.Kf1 Rd8 22.e3  1/2-1/2

[Event "7th WUCC Men"]
[Site "Ulaanbaatar MON"]
[Date "2002.09.11"]
[Round "1"]
[White "Mongonhuu,M"]
[Black "Bocharov,D"]
[Result "0-1"]
[WhiteElo "2167"]
[BlackElo "2475"]

1.d4 Nf6 2.c4 e6 3.Nf3 Bb4+ 4.Bd2 Qe7 5.Nc3 O-O 6.g3 b6 7.Bg2 Bb7 8.O-O d6
9.Rc1 Bxc3 10.Bxc3 Nbd7 11.Re1 Ne4 12.Qd3 f5 13.b4 a5 14.b5 e5 15.Nd2 exd4
16.Bxd4 Rae8 17.e3 Ba8 18.Red1 Rf7 19.Rc2 Nec5 20.Bxc5 Nxc5 21.Qc3 Be4 22.Rcc1 g5
23.Nf3 Ref8 24.Nd2 Bxg2 25.Kxg2 f4 26.exf4 gxf4 27.Re1 Qd8 28.f3 fxg3 29.hxg3 Qg5
30.Re3 Rg7 31.Nf1 Nd7 32.Rce1 Ne5 33.Rd1 Rg6 34.Rd4 h5 35.Qc2 Rgf6 36.Rd5 h4
37.Qe4 hxg3 38.Rxe5 dxe5 39.Qd5+ Kg7 40.Rxe5 Rf5 41.Qd7+ R8f7 42.Rxf5 Qxf5
43.Qd4+ Kg8 44.Qc3 Rh7 45.Kxg3  0-1

[Event "TCh-CRO"]
[Site "Medulin CRO"]
[Date "2002.09.12"]
[Round "4"]
[White "Gyimesi,Z"]
[Black "Hulak,K"]
[Result "0-1"]
[WhiteElo "2580"]
[BlackElo "2570"]

1.d4 Nf6 2.c4 e6 3.Nf3 Bb4+ 4.Bd2 c5 5.Bxb4 cxb4 6.g3 O-O 7.Bg2 d6 8.O-O a5
9.Qd3 Nc6 10.d5 exd5 11.cxd5 Nb8 12.Nbd2 Re8 13.Rfe1 Bg4 14.Qd4 Nbd7 15.e4 Bxf3
16.Nxf3 Qb6 17.Re2 Rac8 18.Bh3 Qb5 19.Rae1 Rc4 20.Bxd7 Nxd7 21.Qd2 Ne5 22.Nxe5 Rxe5
23.Qd3 Qc5 24.Kg2 f6 25.Qf3 h6 26.Re3 Kh7 27.b3 Rc2 28.R1e2 Rc1 29.Qg4 Qd4
30.f4 Qd1 31.Kh3 Qf1+ 32.Rg2 Rc2 33.Qf3 Rh5+ 34.Kg4 Qxg2 35.Qxg2 Rxg2 36.Kxh5 Rxh2+
37.Kg4 Kg6 38.e5 fxe5 39.fxe5 dxe5 40.Rxe5 Rxa2 41.Re6+ Kf7 42.Rb6 Rd2 43.Rxb7+ Kf6
44.Rb5 Ke5 45.Rxa5 Rd4+ 46.Kh3 Rxd5 47.Ra7 Kd4 48.Rc7 Rc5 49.Rxg7 Kc3 50.g4 Rc6  0-1

[Event "TCh-CRO"]
[Site "Medulin CRO"]
[Date "2002.09.12"]
[Round "4"]
[White "Berebora,F"]
[Black "Jankovic,A"]
[Result "1-0"]
[WhiteElo "2412"]
[BlackElo "2299"]

1.d4 Nf6 2.c4 e6 3.Nf3 Bb4+ 4.Bd2 c5 5.Bxb4 cxb4 6.g3 O-O 7.Bg2 d6 8.O-O Nc6
9.a3 a5 10.Re1 Qb6 11.b3 e5 12.axb4 Qxb4 13.Na3 a4 14.Nb5 a3 15.d5 Ne7 16.Qd2 Qc5
17.e4 Bd7 18.b4 Qxc4 19.Bf1 Qb3 20.Re3 Qb2 21.Raxa3 Qxd2 22.Nxd2 Bxb5 23.Bxb5 Rxa3
24.Rxa3 Rb8 25.f3 Kf8 26.Nc4 Nc8 27.Kf2 Ke7 28.Na5 Nd7 29.Bf1 Ndb6 30.Ba6 Na7
31.Bxb7 Nc4 32.Rb3 Kd8 33.Nxc4 Rxb7 34.Nxd6 Rc7 35.b5 Nc8 36.Nxc8 Kxc8 37.b6 Rc2+
38.Ke3 Kb7 39.h4 h5 40.Kd3 Rg2 41.d6 Ra2 42.Rc3 Kxb6  1-0

[Event "TCh-CRO"]
[Site "Medulin CRO"]
[Date "2002.09.13"]
[Round "5"]
[White "Lalic,B"]
[Black "Cebalo,M"]
[Result "1/2-1/2"]
[WhiteElo "2540"]
[BlackElo "2548"]

1.d4 Nf6 2.c4 e6 3.Nf3 Bb4+ 4.Bd2 Qe7 5.g3 Nc6 6.Nc3 Bxc3 7.Bxc3 Ne4 8.Rc1 O-O
9.Bg2 d6 10.d5 Nd8 11.O-O f5 12.Nd2 Nxc3 13.Rxc3 e5 14.c5 Nf7 15.Qc2 Bd7  1/2-1/2

[Event "Autumn I"]
[Site "Alushta UKR"]
[Date "2002.09.21"]
[Round "10"]
[White "Shtyrenkov,V"]
[Black "Selin,O"]
[Result "1-0"]
[WhiteElo "2457"]
[BlackElo "2432"]

1.d4 Nf6 2.c4 e6 3.Nf3 Bb4+ 4.Bd2 c5 5.Bxb4 cxb4 6.g3 O-O 7.Bg2 d6 8.O-O a5
9.a3 Na6 10.Nbd2 Re8 11.Qc2 Qc7 12.Ne1 Bd7 13.Nd3 e5 14.dxe5 dxe5 15.Ne4 Nxe4
16.Bxe4 Bc6 17.Bxc6 Qxc6 18.axb4 axb4 19.Ra5 e4 20.Nf4 Rac8 21.b3 Rcd8 22.Rd1 Nc7
23.Rxd8 Rxd8 24.Re5 Re8 25.Rxe8+ Qxe8 26.Nd5 Na6 27.Qd2 h6 28.Qd4 Qe6 29.h4 Kh7
30.Kf1 Qh3+ 31.Kg1 Qf5 32.Ne7 Qe6 33.Qd8 f6 34.h5 Nc5 35.Ng6 Qg8 36.Nf8+ Kh8
37.Qe7 b6 38.e3 Nxb3 39.Ng6+ Kh7 40.Qxb4 Na5 41.Qxb6 Nxc4 42.Qd4 f5 43.Qc5 f4
44.Nxf4  1-0

[Event "ECC"]
[Site "Halkidiki GRE"]
[Date "2002.09.22"]
[Round "1"]
[White "Novkovic,Mi"]
[Black "Davies,Pe"]
[Result "1-0"]
[WhiteElo "2375"]
[BlackElo "2058"]

1.Nf3 Nf6 2.c4 e6 3.d4 Bb4+ 4.Bd2 Bxd2+ 5.Qxd2 O-O 6.Nc3 d5 7.e3 Nbd7 8.cxd5 exd5
9.Bd3 Re8 10.Qc2 c6 11.O-O Nf8 12.b4 Qd6 13.b5 c5 14.dxc5 Qxc5 15.Rac1 Bg4
16.Nd4 Rac8 17.Qb2 Bd7 18.Nf5 Bxf5 19.Bxf5 Ne6 20.Ne4 Qe7 21.Nxf6+ Qxf6 22.Qxf6 gxf6
23.g3 Rc4 24.Rxc4 dxc4 25.Rc1 Rc8 26.Be4 c3 27.Bxb7 Rc4 28.Kf1 Nc5 29.Bd5 Rb4
30.Rxc3 Rxb5 31.Kg2 Na4 32.Rc8+ Kg7 33.Bb3 Rc5 34.Rb8 Nc3 35.Rb7 Ra5 36.Bxf7 Kh6
37.Rb2 Kg7 38.Bb3 Ne4 39.h4 Nc5 40.Bc4 Ra3 41.Rb5 Ne4 42.Rb7+ Kh6 43.Bg8  1-0

[Event "ECC"]
[Site "Halkidiki GRE"]
[Date "2002.09.24"]
[Round "3"]
[White "Lerner,K"]
[Black "Korchnoi,V"]
[Result "1/2-1/2"]
[WhiteElo "2536"]
[BlackElo "2626"]

1.d4 Nf6 2.c4 e6 3.Nf3 Bb4+ 4.Bd2 c5 5.Bxb4 cxb4 6.g3 O-O 7.Bg2 d6 8.O-O Re8
9.a3 Nc6 10.axb4 Nxb4 11.Nc3 Bd7 12.Qd2 a5 13.Rfd1 Bc6 14.Ne1 Bxg2 15.Nxg2 Rc8
16.Ne3 d5 17.cxd5 exd5 18.f3 b6 19.Re1 Qd7 20.Ned1 Qf5 21.Rc1 h6 22.Nf2 Qg5
23.Qxg5 hxg5 24.e4 Kh7 25.e5 Nd7 26.Nb5 Nc2 27.Red1 Rf8 28.Nc3 Nb4 29.Nd3 Nxd3
30.Rxd3 Rfd8 31.f4 Nf8 32.f5 Rc4 33.Re1 Rd7 34.g4 Kg8 35.Re2 a4 36.Kf2 Rb4
37.Rdd2 Rc4 38.Re3 Rd8 39.e6 fxe6 40.fxe6 Ng6 41.e7 Re8 42.Nxd5 b5 43.Re6 Kf7
44.Rb6 Rh8 45.Kg3 Nf4 46.Nxf4 gxf4+ 47.Kxf4 b4 48.Ke5 Rhc8 49.Kd6 Ke8 50.h3 b3
51.d5 R4c7 52.Rc6 Rd7+ 53.Kc5 Rxc6+ 54.Kxc6 Rxe7 55.Rd4 Re2 56.Rxa4 Rxb2
57.Rb4 Rb1 58.d6 Rc1+ 59.Kd5 Rc3 60.h4 Kd7 61.Rb7+ Kc8 62.Rb6 Kd7 63.h5 Rg3
64.Rb7+ Kc8 65.Rc7+ Kb8 66.Rc4 b2 67.Rb4+ Kc8 68.Ke6 Re3+ 69.Kf5 Re2 70.g5 Kd7
71.Kg6 Rg2 72.Rb6 Ke6 73.h6 gxh6 74.Kxh6 Rh2+ 75.Kg7 Rg2 76.g6 Rf2 77.Kg8 Rg2
78.g7 Rf2 79.Kh7 Rh2+  1/2-1/2

[Event "ECC"]
[Site "Halkidiki GRE"]
[Date "2002.09.24"]
[Round "3"]
[White "Har Zvi,R"]
[Black "Romanishin,O"]
[Result "1/2-1/2"]
[WhiteElo "2505"]
[BlackElo "2559"]

1.Nf3 Nf6 2.c4 e6 3.d4 Bb4+ 4.Bd2 c5 5.a3 Bxd2+ 6.Qxd2 cxd4 7.Nxd4 O-O 8.Nc3 a6
9.e3 Qc7 10.Be2 b6 11.O-O  1/2-1/2

[Event "ECC"]
[Site "Halkidiki GRE"]
[Date "2002.09.27"]
[Round "6"]
[White "Varga,Zo"]
[Black "Borriss,M"]
[Result "1-0"]
[WhiteElo "2528"]
[BlackElo "2439"]

1.d4 Nf6 2.c4 e6 3.Nf3 Bb4+ 4.Bd2 c5 5.dxc5 Bxc5 6.Nc3 Nc6 7.a3 d5 8.cxd5 exd5
9.e3 O-O 10.b4 Bb6 11.Na4 Bc7 12.Bc3 a6 13.Be2 Qd6 14.O-O Ne4 15.Bb2 Bg4
16.g3 Bh3 17.Re1 Rad8 18.Rc1 Rfe8 19.Nd4 Ne5 20.Nc5 Bc8 21.f4 Nc4 22.Bxc4 dxc4
23.Nxe4 Rxe4 24.Rxc4 b5 25.Rc6 Qxc6 26.Nxc6 Rxd1 27.Rxd1 Rxe3 28.Be5 Bg4
29.Rd2 Bb6 30.Bd4 Bxd4 31.Nxd4 f6 32.Nc2 Rc3 33.Kf2 Rf3+ 34.Kg2 Rc3 35.Kf2 Kf7
36.Ne3 Bc8 37.Rc2 Rxc2+ 38.Nxc2 Ke6 39.Ne3 Bb7 40.Ke2 Be4 41.Kd2 Bg6 42.Kc3 Bb1
43.Kd4 Kd6 44.g4 Bg6 45.Nf1 h5 46.gxh5 Bxh5 47.Ng3 Bg4 48.Ne4+ Ke6 49.Nc5+ Kf5
50.Ke3 g5 51.fxg5 fxg5 52.Nxa6 Ke5 53.Nc5 Kd5 54.Ne4 Bf5 55.Nxg5 Kc4 56.h4  1-0

[Event "11th Monarch Assurance"]
[Site "Port Erin IOM"]
[Date "2002.10.04"]
[Round "7"]
[White "Cioara,A"]
[Black "Blackburn,J"]
[Result "1-0"]
[WhiteElo "2414"]
[BlackElo "2158"]

1.d4 e6 2.Nf3 Nf6 3.c4 Bb4+ 4.Bd2 c5 5.Bxb4 cxb4 6.e3 Nc6 7.Bd3 d6 8.O-O O-O
9.Nbd2 a5 10.Qc2 h6 11.a3 Qc7 12.Rfc1 Bd7 13.e4 bxa3 14.bxa3 e5 15.d5 Ne7
16.c5 Ng6 17.cxd6 Qxd6 18.Nc4 Qe7 19.Nb6 Ra7 20.Qc5 Qxc5 21.Rxc5 Bg4 22.Nd2 Nd7
23.Nxd7 Bxd7 24.Rc7 Rd8 25.Rb1 Nf4 26.Bf1 f5 27.Rb6 Bc8 28.g3 Nh5 29.Nc4 fxe4
30.Nxe5 Bf5 31.g4  1-0

[Event "FSGM Oct"]
[Site "Budapest HUN"]
[Date "2002.10.06"]
[Round "2"]
[White "Horvath,P1"]
[Black "Kallio,H"]
[Result "1/2-1/2"]
[WhiteElo "2482"]
[BlackElo "2471"]

1.d4 Nf6 2.c4 e6 3.Nf3 Bb4+ 4.Bd2 c5 5.Bxb4 cxb4 6.Qd3 d6 7.e4 Qc7 8.Nbd2 O-O
9.Be2 Nbd7 10.O-O b6 11.Ne1 Bb7 12.Nc2 a5 13.a3 bxa3 14.Nxa3 Rad8 15.f4 Qb8
16.Nb5 e5 17.Nc3 Ba6 18.b4 exd4 19.Nd5 Nxd5 20.exd5 Rfe8 21.Bf3 axb4 22.Qxd4 Qc8
23.Rfb1 b5 24.cxb5 Bxb5 25.Qxb4 Be2 26.Re1 Bxf3 27.Nxf3 Nc5 28.Qb5 Rf8 29.Nd4 Qg4
30.Nc6 Rd7 31.Ne5 dxe5 32.Qxc5 Qxf4 33.d6 e4 34.Qc6 Rxd6 35.Qxe4 Qd2 36.Qe2 g6
37.Qxd2 Rxd2 38.Rad1 Rfd8 39.Re8+ Rxe8 40.Rxd2 Kg7 41.Kf2 Re7 42.Rd6 Ra7
43.Rb6 Ra2+ 44.Kf3 g5 45.h3 h5 46.Rb4 Kg6 47.Rb6+ f6 48.Rb4 Ra6 49.Rc4 f5
50.Rc8 f4 51.Rg8+ Kf5 52.Rf8+ Rf6 53.Rg8 Re6 54.Rf8+ Rf6 55.Rg8 h4 56.Ra8 Re6
57.Rf8+ Kg6 58.Rg8+ Kf6 59.Rf8+ Kg7 60.Ra8 Re3+ 61.Kf2 Rg3 62.Ra7+ Kg6 63.Ra6+ Kf5
64.Ra5+ Ke4 65.Ra4+ Kd3 66.Ra3+ Kc4 67.Ra4+ Kb5 68.Re4 Kc5 69.Ra4 Kb5 70.Re4  1/2-1/2

[Event "FSIMB Oct"]
[Site "Budapest HUN"]
[Date "2002.10.08"]
[Round "4"]
[White "Cooke,E"]
[Black "Berczes,C"]
[Result "1-0"]
[WhiteElo "2185"]
[BlackElo "2311"]

1.d4 Nf6 2.c4 e6 3.Nf3 Bb4+ 4.Bd2 Qe7 5.a3 Bxd2+ 6.Nbxd2 d6 7.g3 O-O 8.Bg2 e5
9.e4 c5 10.d5 Ne8 11.O-O f5 12.exf5 Bxf5 13.Nh4 Bd3 14.Be4 Bxf1 15.Bxh7+ Kxh7
16.Qh5+ Kg8 17.Ng6 Qd8 18.Nxf8 Kxf8 19.Qh8+ Kf7 20.Rxf1 Na6 21.Ne4 Nf6 22.Nxd6+ Kg6
23.Qxd8 Rxd8 24.Nb5 Ne4 25.Nxa7 Nd6 26.Rc1 Nc7 27.b4 cxb4 28.axb4 Nf5 29.b5 Nd4
30.Kg2 Kf6 31.Rd1 Nf5 32.Re1 Nd6 33.Rc1 e4 34.b6 Na8 35.c5 Nc8 36.d6 Nxa7
37.bxa7 Ke6 38.f3 exf3+ 39.Kxf3 Kd5 40.h4 Kc6 41.Ke4 b6 42.cxb6+ Kxb6 43.Kd5 Kxa7
44.Ke6 Nb6 45.Rc7+ Ka6 46.Rxg7 Kb5 47.h5 Re8+ 48.Re7 Rg8 49.d7 Nxd7 50.Rxd7 Rxg3
51.Kf6 Kc6 52.Rd2 Rf3+ 53.Kg6 Rg3+ 54.Kf5 Rh3 55.Kg5 Rg3+ 56.Kh4 Rg1 57.Rd3 Rh1+
58.Rh3 Rd1 59.h6 Rd4+ 60.Kg5 Rd5+ 61.Kf6 Rd6+ 62.Ke5 Rd5+ 63.Ke4 Rd8 64.h7 Rh8
65.Ke5 Kd7 66.Kf6 Rf8+ 67.Kg7  1-0

[Event "FSIMA Oct"]
[Site "Budapest HUN"]
[Date "2002.10.08"]
[Round "4"]
[White "Eperjesi,L"]
[Black "Babos,C"]
[Result "0-1"]
[WhiteElo "2304"]
[BlackElo "2207"]

1.d4 Nf6 2.Nf3 e6 3.c4 Bb4+ 4.Bd2 Qe7 5.g3 O-O 6.Bg2 Bxd2+ 7.Qxd2 d6 8.Nc3 e5
9.O-O c6 10.e4 Bg4 11.Nh4 Na6 12.h3 Be6 13.b3 Rad8 14.Rfe1 Bc8 15.Nf5 Bxf5
16.exf5 Rfe8 17.g4 h6 18.Ne2 e4 19.Ng3 d5 20.c5 Nh7 21.Re3 Qf6 22.Rae1 Nc7
23.a4 Rd7 24.f3 Qh4 25.Qf2 Qd8 26.b4 exf3 27.Qxf3 Rde7 28.Bf1 Rxe3 29.Rxe3 Qg5
30.Kf2 Nf6 31.Rxe8+ Ncxe8 32.Qe3 Qh4 33.Kg2 Kf8 34.b5 Nh7 35.Nh5 Nef6 36.Qg3 Qxg3+
37.Nxg3 Ke7 38.Kf3 Ng5+ 39.Kf4 Nge4 40.Nxe4 Nxe4 41.bxc6 bxc6 42.a5 Nd2 43.Bg2 Nb3
44.a6 Nxd4 45.Bxd5 cxd5 46.Ke5 Nf3+ 47.Kxd5 Kd7  0-1

[Event "1st Milk Masters"]
[Site "Selfoss ISL"]
[Date "2002.10.10"]
[Round "3"]
[White "Thorfinnsson,Br"]
[Black "Olafsson,H"]
[Result "1/2-1/2"]
[WhiteElo "2357"]
[BlackElo "2476"]

1.d4 e6 2.c4 Nf6 3.Nf3 Bb4+ 4.Bd2 c5 5.Bxb4 cxb4 6.Qd3 d6 7.g4 Qe7 8.g5 Nfd7
9.Bg2 a5 10.Nbd2 Nc6 11.h4 b6 12.Qe4 Bb7 13.d5 Nc5 14.Qe3 exd5 15.cxd5 Qxe3
16.fxe3 Ne7 17.e4 Ba6 18.Nd4 O-O 19.h5 f6 20.gxf6 Rxf6 21.Bf3 g5 22.hxg6 Nxg6
23.O-O-O Kh8  1/2-1/2